01353nam a2200325 a 4500001001200000003000800012006001900020007001500039008004100054010001700095020002500112020003100137040002100168035002100189050002600210082001200236245011800248260004300366300002400409490005100433504006400484533015200548650004800700650004000748655002900788710001600817710001700833830005100850856012600901ebr10197127CaPaEBRm u cr cn|||||||||070803s2008 dcua sb 001 0 eng  z 2007031886 z9780821372258 (pbk.) z9780821372265 (electronic) aCaPaEBRcCaPaEBR a(OCoLC)56785092814aHF1379b.I5788 2008eb04a38222200aInternational trade and climate changeh[electronic resource] :beconomic, legal, and institutional perspectives. aWashington D.C. :bWorld Bank,cc2008. axii, 144 p. :bill.1 aEnvironment and development (Washington, D.C.) aIncludes bibliographical references (p. 133-138) and index. aElectronic reproduction.bPalo Alto, Calif. :cebrary,d2013.nAvailable via World Wide Web.nAccess may be limited to ebrary affiliated libraries. 0aInternational tradexEnvironmental aspects. 0aClimatic changesxEconomic aspects. 7aElectronic books.2local2 aWorld Bank.2 aebrary, Inc. 0aEnvironment and development (Washington, D.C.)40uhttp://site.ebrary.com/lib/rucke/Doc?id=10197127zAn electronic book accessible through the World Wide Web; click to view